000 00708nam a2200277Ia 4500
008 210210b2017 xxu||||| |||| 00| 0 eng d
020 _a9789339222864
041 _aeng
082 _a658 KOOE
100 _aKOONTZ (Harold)
245 _aEssentials of management: an international and leadership perspective Ed 10
250 _a
260 _aChennai
_bMcGraw Hill Education (India) Private Limited
_c2017
300 _axxxix,496
650 _aperspective
650 _amanagement:
650 _aleadership
650 _ainternational
650 _aEssentials
650 _aEd
650 _aan
650 _a10
690 _aManagement
700 _aWEIHRICH (Heinz)
906 _a072176
999 _c122069
_d122069